| 000 | 00386nam a2200145 a 4500 | ||
|---|---|---|---|
| 001 | 000031726 | ||
| 005 | 20200930063132.0 | ||
| 008 | 110630s1999 dr 000 0 spa d | ||
| 040 |
_aDO-SdBNP _bspa _cBNPHU |
||
| 245 | 0 | 0 | _aAsí es Haití. |
| 260 |
_aSanto Domingo : _bFotomecanica Sipriano, _c1999. |
||
| 300 |
_a22 p. : _bil. ; _c28 cm. |
||
| 504 | _aBibliografía : 22 | ||
| 049 | _aBNPD | ||
| 999 |
_c31218 _d31218 |
||